000 00964naa a2200289 c 4500
001 36767
003 ES-MaCES
005 20060630100300.0
008 060630n2006 fr t 000 | fre d
035 _aCES20060010371v
040 _aES-MaCES
_bspa
_cES-MaCES
100 1 _aBunel, Matthieu
_98468
245 1 4 _aLes modes de flexibilité dans les établissements français
_cMatthieu Bunel
500 _aResumen
504 _aBibliografía: p.22
650 4 _a1999
_931200
650 4 _aestudio de investigación
_929263
650 4 _aFrancia
_926943
650 4 _ahoras de trabajo
_928335
650 4 _ahoras extraordinarias
_928337
650 4 _aflexibilidad del trabajo
_930174
653 1 0 _aRelaciones laborales-Empleo
773 0 _tTravail et emploi
_gnº 106 (avril - juin 2006){10352 R. 064683}; p. 7-24
_w(ES-MaCES)25363
_953387
902 _aART Artículo de revista
942 _2CES
_cAR
_h2.0.
999 _c36767
_d36767